Discurso en la sesión inaugural del curso de 1879 a 1880 [del Ateneo de Valencia] / (Record no. 133698)

MARC details
000 -LEADER
campo de control de longitud fija 00768nam a2200217 i 4500
001 - NÚMERO DE CONTROL
campo de control 133698
003 - IDENTIFICADOR DE NÚMERO DE CONTROL
campo de control ES-MaACL
005 - FECHA Y HORA DE LA ÚLTIMA TRANSACCIÓN
campo de control 20250717090417.0
007 - CAMPO FIJO DE DESCRIPCIÓN FÍSICA--INFORMACIÓN GENERAL
campo de control de longitud fija t|
008 - DATOS DE LONGITUD FIJA--INFORMACIÓN GENERAL
campo de control de longitud fija 070827s1879 sp ||||1| spa d
100 1# - ENTRADA PRINCIPAL--NOMBRE DE PERSONA
Nombre de persona Villó y Ruiz, José.
9 (RLIN) 115265
245 10 - MENCIÓN DEL TÍTULO
Título Discurso en la sesión inaugural del curso de 1879 a 1880 [del Ateneo de Valencia] /
Mención de responsabilidad, etc. por José Villó y Ruiz.
260 ## - PUBLICACIÓN, DISTRIBUCIÓN, ETC.
Lugar de publicación, distribución, etc. Valencia :
Nombre del editor, distribuidor, etc. [s.n.],
Fecha de publicación, distribución, etc. 1879 (
Fabricante Impr. de Manuel Alufre)
300 ## - DESCRIPCIÓN FÍSICA
Extensión 47 p. ;
Dimensiones 22 cm.
500 ## - NOTA GENERAL
Nota general Precede al tít.: Ateneo de Valencia.
500 ## - NOTA GENERAL
Nota general Tema de la conferencia: Génesis del positivismo.
650 07 - PUNTO DE ACCESO ADICIONAL DE MATERIA--TÉRMINO DE MATERIA
Término de materia o nombre geográfico como elemento de entrada Positivismo
Fuente del encabezamiento o término embne
9 (RLIN) 16324
710 2# - ENTRADA AGREGADA--NOMBRE DE ENTIDAD CORPORATIVA
Nombre de entidad corporativa o nombre de jurisdicción como elemento de entrada Ateneo Científico-Literario de Valencia.
9 (RLIN) 170945
852 ## - LOCALIZACIÓN
Ubicación ES-MaACL
Número de control de estantería T-318-F-10
Holdings
Estatus retirado Estado de pérdida Estado de daño No para préstamo Colección Biblioteca de origen Biblioteca actual Ubicación en estantería Fecha de adquisición Fuente de adquisición Total de préstamos Signatura topográfica completa Código de barras Visto por última vez Precio de reemplazo Tipo de ítem Koha
        Colección de folletos Biblioteca del Ateneo de Madrid Biblioteca del Ateneo de Madrid Depósito folletos 17/01/2008     T-318-F-10 1139179 23/02/2023 23/02/2023 Folleto